000 01385cam a22002895a 4500
001 17203667
005 20151110125850.0
008 120309s2013 nyua frb f001 0 eng d
020 _a9780521007269 (pbk.)
040 _aDLC
_cDLC
_beng
_dEG-ScBUE
043 _aaw-----
082 0 4 _a322.40956
_222
_bTRI
100 1 _aTripp, Charles.
_938708
245 1 4 _aThe power and the people :
_bpaths of resistance in the Middle East /
_cCharles Tripp.
260 _aNew York ;
_aCambridge :
_bCambridge University Press,
_c2013.
300 _axxiii, 385 p. :
_bill. ;
_c23 cm.
500 _aIndex : p. 375-385.
504 _aIncludes bibliographical references.
505 0 _aIntroduction -- State capture and violent resistance -- Contesting public space: resistance as the denial of authority: resistance through nonviolence -- Imposition and resistance in economic life -- Body politics: women's rights and women's resistance -- History wars: contesting the past, reclaiming the future -- Symbolic forms of resistance: art and power.
650 0 _aGovernment, Resistance to
_zMiddle East
_xHistory.
_2BUEsh
650 0 _aProtest movements
_zMiddle East
_xHistory.
_2BUEsh
_928747
650 0 _aNonviolence
_zMiddle East
_xHistory.
_2BUEsh
651 0 _aMiddle East
_xPolitics and government
_y1945-
_2BUEsh
653 _bBUSBOL
_cNovember2015
655 _vReading book
_934232
942 _2ddc
999 _c21029
_d21001